[Event "Puhajarve rap op 19th"]
[Site "Puhajarve"]
[Date "2018.11.24"]
[Round "16"]
[White "Leito, Priit"]
[Black "Kiik, Kalle"]
[Result "1/2-1/2"]
[WhiteElo "2333"]
[BlackElo "2411"]
[PlyCount "53"]
[EventDate "2018.11.23"]
[EventType "tourn (rapid)"]
[EventRounds "35"]
[EventCountry "EST"]
[SourceTitle "CBM 187 Extra"]
[Source "ChessBase"]
[SourceDate "2018.11.04"]
[SourceVersion "1"]
[SourceVersionDate "2018.11.04"]
[SourceQuality "1"]

1. c4 e5 2. Nc3 Nf6 3. g3 Nc6 4. Bg2 Bc5 5. d3 d6 6. Nf3 h6 7. a3 a6 8. 0-0 0-0 9. h3 Rb8 10. b4 Ba7 11. Kh2 Be6 12. e3 Re8 13. Re1 Ne7 14. e4 Ng6 15. Be3 Bxe3 16. Rxe3 c6 17. Re1 b5 18. cxb5 axb5 19. d4 Qb6 20. Qd2 Bc4 21. Qe3 exd4 22. Nxd4 d5 23. Nf5 Qc7 24. Qd4 Qe5 25. Qxe5 Nxe5 26. exd5 cxd5 27. Nd4 1/2-1/2

[Event "Puhajarve rap op 19th"]
[Site "Puhajarve"]
[Date "2018.11.24"]
[Round "22"]
[White "Leito, Priit"]
[Black "Reizniece Ozola, Dana"]
[Result "0-1"]
[WhiteElo "2333"]
[BlackElo "2312"]
[PlyCount "48"]
[EventDate "2018.11.23"]
[EventType "tourn (rapid)"]
[EventRounds "35"]
[EventCountry "EST"]
[SourceTitle "CBM 187 Extra"]
[Source "ChessBase"]
[SourceDate "2018.11.04"]
[SourceVersion "1"]
[SourceVersionDate "2018.11.04"]
[SourceQuality "1"]

1. e4 g6 2. d4 Bg7 3. Nc3 d6 4. h3 a6 5. g4 b5 6. Bg2 Bb7 7. Nge2 Nd7 8. 0-0 e6 9. Be3 h5 10. g5 Ne7 11. h4 c5 12. f4 cxd4 13. Bxd4 e5 14. Be3 b4 15. Na4 Qa5 16. c3 Bc6 17. b3 exf4 18. Nxf4 bxc3 19. Qxd6 Qe5 20. Qxe5 Bxe5 21. Nc5 Nxc5 22. Bxc5 Bb5 23. Rfe1 Bxf4 24. Rf1 Be5 0-1

[Event "Puhajarve rap op 19th"]
[Site "Puhajarve"]
[Date "2018.11.24"]
[Round "27"]
[White "Vaganian, Rafael A"]
[Black "Leito, Priit"]
[Result "1/2-1/2"]
[WhiteElo "2546"]
[BlackElo "2333"]
[PlyCount "72"]
[EventDate "2018.11.23"]
[EventType "tourn (rapid)"]
[EventRounds "35"]
[EventCountry "EST"]
[SourceTitle "CBM 187 Extra"]
[Source "ChessBase"]
[SourceDate "2018.11.04"]
[SourceVersion "1"]
[SourceVersionDate "2018.11.04"]
[SourceQuality "1"]

1. d4 d5 2. c4 e6 3. Nc3 c5 4. cxd5 exd5 5. Nf3 Nc6 6. g3 Nf6 7. Bg2 Be7 8. 0-0 0-0 9. Bg5 cxd4 10. Nxd4 Re8 11. Qa4 Bd7 12. Rad1 Nb4 13. Qb3 a5 14. a4 Bc6 15. Nf5 h6 16. Nxe7+ Qxe7 17. Bxf6 Qxf6 18. e3 Rad8 19. Rd4 Rd7 20. Rfd1 Red8 21. Na2 Na6 22. Qb6 Qe7 23. Qxa5 Nc5 24. Qb4 Nxa4 25. Qxe7 Rxe7 26. Rb4 Nc5 27. Nc3 Red7 28. Ne2 Ne6 29. Nd4 Kf8 30. Rb6 Nxd4 31. Rxd4 Ra8 32. Rd1 Ke7 33. h4 Ra6 34. Rxa6 bxa6 35. Ra1 Bb5 36. Bf1 d4 1/2-1/2

[Event "Puhajarve rap op 19th"]
[Site "Puhajarve"]
[Date "2018.11.23"]
[Round "1"]
[White "Meskovs, Nikita"]
[Black "Leito, Priit"]
[Result "1-0"]
[WhiteElo "2539"]
[BlackElo "2333"]
[PlyCount "83"]
[EventDate "2018.11.23"]
[EventType "tourn (rapid)"]
[EventRounds "35"]
[EventCountry "EST"]
[SourceTitle "CBM 187 Extra"]
[Source "ChessBase"]
[SourceDate "2018.11.04"]
[SourceVersion "1"]
[SourceVersionDate "2018.11.04"]
[SourceQuality "1"]

1. Nf3 c5 2. g3 d5 3. Bg2 Nc6 4. c4 e6 5. cxd5 exd5 6. d4 Nf6 7. Nc3 Be7 8. 0-0 0-0 9. Be3 cxd4 10. Nxd4 Bg4 11. h3 Be6 12. Rc1 Qd7 13. Kh2 Rac8 14. Nxc6 bxc6 15. Na4 Bf5 16. Nc5 Bxc5 17. Bxc5 Rfe8 18. Bd4 Qe6 19. e3 Be4 20. b4 Bxg2 21. Kxg2 Ne4 22. Qg4 Qxg4 23. hxg4 Nd2 24. Rfd1 Nc4 25. Rb1 a6 26. g5 Re6 27. Rh1 h6 28. Rh5 Kh7 29. Rbh1 Rb8 30. Bc5 Nd2 31. gxh6 Rxh6 32. Rxh6+ gxh6 33. Bd6 Re8 34. a4 Kg6 35. g4 Re4 36. Bf4 Rxb4 37. Rxh6+ Kg7 38. Rxc6 Rxa4 39. Be5+ Kf8 40. g5 Rg4+ 41. Kh3 Rxg5 42. Bf6 1-0

[Event "Puhajarve rap op 18th"]
[Site "Puhajarve"]
[Date "2017.11.25"]
[Round "26"]
[White "Kulaots, Kaido"]
[Black "Leito, Priit"]
[Result "1/2-1/2"]
[WhiteElo "2562"]
[BlackElo "2333"]
[PlyCount "147"]
[EventDate "2017.11.24"]
[EventType "tourn (rapid)"]
[EventRounds "35"]
[EventCountry "EST"]
[SourceTitle "CBM 181 Extra"]
[Source "ChessBase"]
[SourceDate "2017.12.12"]
[SourceVersion "1"]
[SourceVersionDate "2017.12.12"]
[SourceQuality "1"]

1. e4 c5 2. Nf3 e6 3. d4 cxd4 4. Nxd4 d6 5. Nc3 Nc6 6. Be3 Nf6 7. f3 a6 8. Qd2 Qc7 9. 0-0-0 Ne5 10. f4 Nc4 11. Bxc4 Qxc4 12. e5 Nd5 13. Nxd5 Qxd5 14. Kb1 Bd7 15. Qf2 dxe5 16. Nf3 Qb5 17. Nxe5 Bc6 18. c4 Be4+ 19. Ka1 Qa4 20. Bc5 f6 21. b3 Qa5 22. Qd4 Qc7 23. Bxf8 Rxf8 24. Nd7 Rd8 25. Qxe4 Rxd7 26. Qxe6+ Re7 27. Qf5 Kf7 28. Qd5+ Kg6 29. g4 f5 30. gxf5+ Kh6 31. Qf3 Rxf5 32. Rhf1 g6 33. Rd5 Ref7 34. Qh3+ Kg7 35. Qc3+ Kg8 36. Rxf5 Rxf5 37. Qd4 Qg7 38. Qxg7+ Kxg7 39. Kb2 Kf8 40. Kc3 g5 41. Kd4 gxf4 42. Ke4 Rh5 43. Rxf4+ Ke7 44. h4 Rh6 45. c5 Rg6 46. Kd4 Rg2 47. a4 Rc2 48. b4 Ra2 49. Rg4 Kf7 50. a5 Rd2+ 51. Kc4 Rd1 52. Rd4 Rc1+ 53. Kd5 Ke7 54. Rg4 Rd1+ 55. Rd4 Rb1 56. c6 bxc6+ 57. Kxc6 Rf1 58. Kb7 Rf6 59. Rc4 Kd7 60. Rc7+ Kd8 61. Rc6 Rf4 62. Rb6 Re4 63. Kxa6 Kc7 64. Ka7 Kc8 65. b5 Re7+ 66. Ka6 Rf7 67. Rc6+ Kb8 68. b6 Rf5 69. Rh6 Rf7 70. Rh5 Re7 71. Kb5 Rf7 72. a6 Rf1 73. Rg5 Rc1 74. Rg8+ 1/2-1/2

[Event "Puhajarve rap op 18th"]
[Site "Puhajarve"]
[Date "2017.11.25"]
[Round "16"]
[White "Leito, Priit"]
[Black "Kveinys, Aloyzas"]
[Result "1/2-1/2"]
[WhiteElo "2333"]
[BlackElo "2545"]
[PlyCount "35"]
[EventDate "2017.11.24"]
[EventType "tourn (rapid)"]
[EventRounds "35"]
[EventCountry "EST"]
[SourceTitle "CBM 181 Extra"]
[Source "ChessBase"]
[SourceDate "2017.12.12"]
[SourceVersion "1"]
[SourceVersionDate "2017.12.12"]
[SourceQuality "1"]

1. c4 e6 2. g3 d5 3. Bg2 dxc4 4. Qa4+ Nd7 5. Qxc4 c5 6. Nf3 Ngf6 7. Qc2 Be7 8. 0-0 0-0 9. d4 Qb6 10. dxc5 Nxc5 11. Nc3 Bd7 12. Ne5 Rac8 13. Nxd7 Ncxd7 14. Qb3 Bb4 15. Be3 Qa5 16. Rac1 b6 17. Ne4 Nxe4 18. Bxe4 1/2-1/2

[Event "Puhajarve rap op 18th"]
[Site "Puhajarve"]
[Date "2017.11.25"]
[Round "12"]
[White "Leito, Priit"]
[Black "Sammalvuo, Tapani"]
[Result "0-1"]
[WhiteElo "2333"]
[BlackElo "2414"]
[PlyCount "64"]
[EventDate "2017.11.24"]
[EventType "tourn (rapid)"]
[EventRounds "35"]
[EventCountry "EST"]
[SourceTitle "CBM 181 Extra"]
[Source "ChessBase"]
[SourceDate "2017.12.12"]
[SourceVersion "1"]
[SourceVersionDate "2017.12.12"]
[SourceQuality "1"]

1. c4 Nf6 2. Nc3 e5 3. g3 Bb4 4. Bg2 0-0 5. e4 Bxc3 6. dxc3 d6 7. Ne2 Be6 8. b3 a6 9. 0-0 b5 10. cxb5 axb5 11. h3 d5 12. Bg5 c6 13. exd5 cxd5 14. g4 Nbd7 15. Ng3 h6 16. Be3 Qc7 17. Qd2 Rfc8 18. Rac1 Ra6 19. f4 exf4 20. Bxf4 Qa7+ 21. Rf2 d4 22. Qxd4 Rxa2 23. Rxa2 Qxa2 24. b4 Bd5 25. Bxd5 Qxd5 26. Nf5 Qxd4+ 27. Nxd4 Nd5 28. Bd2 Ne5 29. Ra1 Nxc3 30. Rc1 Nf3+ 31. Kf2 Nxd2 32. Kg1 Nf3+ 0-1

[Event "Puhajarve rap op 17th"]
[Site "Puhajarve"]
[Date "2016.11.27"]
[Round "35"]
[White "Leito, Priit"]
[Black "Ehlvest, Jaan"]
[Result "1/2-1/2"]
[WhiteElo "2333"]
[BlackElo "2532"]
[PlyCount "41"]
[EventDate "2016.11.25"]
[EventType "tourn (rapid)"]
[EventRounds "35"]
[EventCountry "EST"]
[SourceTitle "EXT 2018"]
[Source "ChessBase"]
[SourceDate "2017.10.13"]
[SourceVersion "1"]
[SourceVersionDate "2017.10.13"]
[SourceQuality "1"]

1. c4 Nf6 2. Nc3 g6 3. g3 Bg7 4. Bg2 0-0 5. e4 d6 6. Nge2 e5 7. 0-0 Nc6 8. h3 Nd7 9. d3 Nc5 10. Rb1 Ne6 11. Kh2 f5 12. exf5 gxf5 13. f4 Kh8 14. b4 exf4 15. Bxf4 Nxf4 16. Rxf4 Be5 17. Rf1 Qf6 18. Nd5 Qg7 19. b5 Nd4 20. Nxd4 Bxd4 21. Nf4 1/2-1/2

[Event "Puhajarve rap op 17th"]
[Site "Puhajarve"]
[Date "2016.11.26"]
[Round "18"]
[White "Khalifman, Alexander"]
[Black "Leito, Priit"]
[Result "1/2-1/2"]
[WhiteElo "2617"]
[BlackElo "2333"]
[PlyCount "27"]
[EventDate "2016.11.25"]
[EventType "tourn (rapid)"]
[EventRounds "35"]
[EventCountry "EST"]
[SourceTitle "EXT 2018"]
[Source "ChessBase"]
[SourceDate "2017.10.13"]
[SourceVersion "1"]
[SourceVersionDate "2017.10.13"]
[SourceQuality "1"]

1. d4 d5 2. c4 e6 3. Nf3 c5 4. cxd5 exd5 5. Bg5 Be7 6. Bxe7 Nxe7 7. dxc5 Qa5+ 8. Qd2 Qxc5 9. Qc3 Qxc3+ 10. Nxc3 Bg4 11. Rd1 Nbc6 12. e3 Bxf3 13. gxf3 0-0-0 14. Nb5 1/2-1/2

[Event "Puhajarve rap op 17th"]
[Site "Puhajarve"]
[Date "2016.11.26"]
[Round "17"]
[White "Leito, Priit"]
[Black "Beliavsky, Alexander G"]
[Result "0-1"]
[WhiteElo "2333"]
[BlackElo "2605"]
[PlyCount "124"]
[EventDate "2016.11.25"]
[EventType "tourn (rapid)"]
[EventRounds "35"]
[EventCountry "EST"]
[SourceTitle "EXT 2018"]
[Source "ChessBase"]
[SourceDate "2017.10.13"]
[SourceVersion "1"]
[SourceVersionDate "2017.10.13"]
[SourceQuality "1"]

1. c4 e5 2. Nc3 Nf6 3. g3 Nc6 4. Bg2 Be7 5. e4 0-0 6. Nge2 a5 7. 0-0 Bc5 8. d3 d6 9. h3 Bd7 10. Kh2 Ne8 11. f4 exf4 12. Nxf4 Nd4 13. Nce2 g6 14. Nxd4 Bxd4 15. Qe2 c6 16. Be3 Qb6 17. Bxd4 Qxd4 18. Qd2 Ng7 19. Ne2 Qb6 20. d4 Rae8 21. Rad1 Bc8 22. Nc3 Qd8 23. Rde1 Nh5 24. g4 Ng7 25. Ne2 Ne6 26. Ng3 Qg5 27. Qxg5 Nxg5 28. d5 h6 29. dxc6 bxc6 30. e5 Rxe5 31. Rxe5 dxe5 32. Bxc6 Be6 33. b3 Rd8 34. Rf2 Rd1 35. Bg2 Kg7 36. Ne4 Nxe4 37. Bxe4 Re1 38. Bd3 Re3 39. Bf1 f5 40. Re2 Rxe2+ 41. Bxe2 Kf6 42. Kg3 Bd7 43. a3 f4+ 44. Kf2 e4 45. b4 axb4 46. axb4 Ke5 47. c5 Kd4 48. Ba6 e3+ 49. Kf3 g5 50. Bb7 Be6 51. Ke2 Bc4+ 52. Ke1 Bb5 53. Bf3 Kc3 54. c6 Kxb4 55. c7 Ba6 56. Be4 Ka5 57. Bd3 Bb7 58. Ke2 Kb6 59. Bf5 Ka5 60. Ke1 Ba6 61. Bd3 Bb7 62. Bf5 Kb6 0-1

[Event "Puhajarve rap op 17th"]
[Site "Puhajarve"]
[Date "2016.11.26"]
[Round "27"]
[White "Leito, Priit"]
[Black "Huebner, Robert"]
[Result "1/2-1/2"]
[WhiteElo "2333"]
[BlackElo "2574"]
[PlyCount "95"]
[EventDate "2016.11.25"]
[EventType "tourn (rapid)"]
[EventRounds "35"]
[EventCountry "EST"]
[SourceTitle "EXT 2018"]
[Source "ChessBase"]
[SourceDate "2017.10.13"]
[SourceVersion "1"]
[SourceVersionDate "2017.10.13"]
[SourceQuality "1"]

1. c4 Nf6 2. Nc3 e5 3. g3 Nc6 4. Bg2 Bb4 5. e4 0-0 6. Nge2 d6 7. 0-0 a5 8. h3 Bc5 9. d3 Nd4 10. Nxd4 Bxd4 11. Ne2 Bc5 12. Kh2 c6 13. f4 Nd7 14. f5 Qb6 15. g4 Be3 16. Ng3 f6 17. Qe2 Bxc1 18. Raxc1 Nc5 19. Bf3 Bd7 20. h4 Be8 21. g5 Kf7 22. Bh5+ Ke7 23. Bxe8 Raxe8 24. gxf6+ gxf6 25. Nh5 Rg8 26. Rg1 Nd7 27. Ng7 Ref8 28. Ne6 Rxg1 29. Rxg1 Rf7 30. b3 Nf8 31. Rg8 Nxe6 32. fxe6 Kxe6 33. Qg4+ f5 34. exf5+ Rxf5 35. Re8+ Kd7 36. Qxf5+ Kxe8 37. Qe6+ Kd8 38. Qxd6+ Kc8 39. Qf8+ Kd7 40. c5 Qb4 41. Qd6+ Kc8 42. Qe6+ Kd8 43. Qg8+ Kc7 44. Qxh7+ Kb8 45. Qh8+ Ka7 46. Qxe5 Qxh4+ 47. Kg2 Qb4 48. Kf3 1/2-1/2

[Event "Puhajarve rap op 17th"]
[Site "Puhajarve"]
[Date "2016.11.26"]
[Round "15"]
[White "Leito, Priit"]
[Black "Reizniece Ozola, Dana"]
[Result "1-0"]
[WhiteElo "2333"]
[BlackElo "2291"]
[PlyCount "117"]
[EventDate "2016.11.25"]
[EventType "tourn (rapid)"]
[EventRounds "35"]
[EventCountry "EST"]
[SourceTitle "EXT 2018"]
[Source "ChessBase"]
[SourceDate "2017.10.13"]
[SourceVersion "1"]
[SourceVersionDate "2017.10.13"]
[SourceQuality "1"]

1. c4 Nf6 2. Nc3 g6 3. g3 Bg7 4. Bg2 0-0 5. e4 d6 6. Nge2 c5 7. a3 Nc6 8. Rb1 a5 9. d3 Rb8 10. 0-0 Ne8 11. Be3 Nd4 12. Bd2 Bg4 13. f3 Bd7 14. Kh1 Nc7 15. Nxd4 cxd4 16. Nd5 Nxd5 17. cxd5 b5 18. Qb3 b4 19. axb4 a4 20. Qa3 Bb5 21. Rfc1 Qb6 22. Rc2 Qa6 23. Bf1 Rfc8 24. Rbc1 Rxc2 25. Rxc2 Rc8 26. Rc4 Rxc4 27. dxc4 Bxc4 28. Bg2 f5 29. Qa1 fxe4 30. fxe4 Be2 31. Qc1 Bc4 32. h4 Be5 33. Kh2 e6 34. Bh3 exd5 35. Be6+ Kf8 36. exd5 Bf1 37. Bh6+ Ke7 38. Bg5+ Ke8 39. Qc6+ Qxc6 40. dxc6 Ba6 41. c7 d3 42. c8Q+ Bxc8 43. Bxc8 Bxb2 44. Bd2 Ke7 45. Ba6 a3 46. Bc4 Kd7 47. Kg2 Kc6 48. Kf3 d5 49. Ba2 Be5 50. g4 Bd4 51. h5 gxh5 52. gxh5 Kd6 53. h6 Ke5 54. b5 Kf5 55. Bxd5 Kg6 56. Be3 d2 57. Bxd2 Bb6 58. Be3 Bc7 59. b6 1-0

[Event "Puhajarve rap op 17th"]
[Site "Puhajarve"]
[Date "2016.11.26"]
[Round "21"]
[White "Leito, Priit"]
[Black "Shabalov, Alexander"]
[Result "1/2-1/2"]
[WhiteElo "2333"]
[BlackElo "2563"]
[PlyCount "114"]
[EventDate "2016.11.25"]
[EventType "tourn (rapid)"]
[EventRounds "35"]
[EventCountry "EST"]
[SourceTitle "EXT 2018"]
[Source "ChessBase"]
[SourceDate "2017.10.13"]
[SourceVersion "1"]
[SourceVersionDate "2017.10.13"]
[SourceQuality "1"]

1. c4 c6 2. e4 e5 3. Nf3 d6 4. Nc3 Nf6 5. d4 Nbd7 6. Be2 Be7 7. 0-0 0-0 8. Be3 Qc7 9. Rc1 Re8 10. d5 c5 11. a3 a6 12. Nd2 Nf8 13. b4 b6 14. Qc2 Ng6 15. Rfe1 h6 16. Bf1 Ng4 17. Rb1 Rf8 18. h3 Nxe3 19. Rxe3 Bg5 20. Ree1 Bxd2 21. Qxd2 f5 22. exf5 Bxf5 23. Rbc1 Nf4 24. Ne4 Qd7 25. Ng3 Bg6 26. Rc3 Rf7 27. Ne2 Raf8 28. Nxf4 Rxf4 29. f3 e4 30. Be2 Qf7 31. fxe4 Bxe4 32. Rg3 Qf6 33. Qe3 Qb2 34. bxc5 bxc5 35. Kh2 Qe5 36. Bg4 h5 37. Be6+ Kh7 38. Kg1 Qb2 39. Re2 Qb1+ 40. Kh2 g6 41. Re1 Qb2 42. Re2 Qe5 43. h4 Rxh4+ 44. Kg1 Rhf4 45. Re1 Qf6 46. Qc3 Rf1+ 47. Rxf1 Qxf1+ 48. Kh2 Rf2 49. Bh3 Rc2 50. Qe3 Rc1 51. Rg5 h4 52. Rh5+ gxh5 53. Qxe4+ Kg7 54. Qe7+ Kg6 55. Qe4+ Kg5 56. Qe7+ Kf4 57. Qf6+ Ke3 1/2-1/2

[Event "Puhajarve rap op 17th"]
[Site "Puhajarve"]
[Date "2016.11.25"]
[Round "6"]
[White "Leito, Priit"]
[Black "Ladva, Ottomar"]
[Result "1/2-1/2"]
[WhiteElo "2333"]
[BlackElo "2510"]
[PlyCount "126"]
[EventDate "2016.11.25"]
[EventType "tourn (rapid)"]
[EventRounds "35"]
[EventCountry "EST"]
[SourceTitle "EXT 2018"]
[Source "ChessBase"]
[SourceDate "2017.10.13"]
[SourceVersion "1"]
[SourceVersionDate "2017.10.13"]
[SourceQuality "1"]

1. c4 Nf6 2. Nc3 e6 3. e4 d5 4. e5 d4 5. exf6 dxc3 6. bxc3 Qxf6 7. d4 Nc6 8. Nf3 e5 9. Bg5 Qg6 10. dxe5 Bg4 11. Bf4 Qe4+ 12. Be3 Nxe5 13. Be2 Rd8 14. Qa4+ Qc6 15. Qxc6+ Nxc6 16. 0-0 Be7 17. h3 Bh5 18. g4 Bg6 19. Nd4 Nxd4 20. cxd4 0-0 21. Rfd1 Rfe8 22. Bf3 b6 23. c5 Bf6 24. Rac1 Be4 25. Bxe4 Rxe4 26. cxb6 cxb6 27. Rc7 Re7 28. Rdc1 h6 29. Rxe7 Bxe7 30. Rc7 Bf6 31. Rxa7 Bxd4 32. Bxd4 Rxd4 33. a4 h5 34. gxh5 Rh4 35. Kg2 Rxh5 36. Ra6 Rh6 37. a5 bxa5 38. Rxa5 Kh7 39. Ra4 Rb6 40. Rc4 g5 41. Rd4 Kg6 42. Rc4 f5 43. Ra4 Kh5 44. Rc4 Rb3 45. Ra4 f4 46. Ra8 Kg6 47. Rg8+ Kf6 48. Rf8+ Kg7 49. Ra8 Rb6 50. Ra7+ Kg6 51. Ra8 Rf6 52. Kf3 Kh5 53. Rh8+ Rh6 54. Rxh6+ Kxh6 55. Kg4 Kg6 56. h4 gxh4 57. Kxh4 f3 58. Kg4 Kf6 59. Kf4 Kg6 60. Kxf3 Kf5 61. Ke3 Ke5 62. f4+ Kf5 63. Kf3 Kf6 1/2-1/2

[Event "Puhajarve rap op 16th"]
[Site "Puhajarve"]
[Date "2015.11.28"]
[Round "15"]
[White "Leito, Priit"]
[Black "Nyback, Tomi"]
[Result "0-1"]
[WhiteElo "2333"]
[BlackElo "2594"]
[PlyCount "106"]
[EventDate "2015.11.27"]
[EventType "tourn (rapid)"]
[EventRounds "33"]
[EventCountry "EST"]
[EventCategory "1"]
[SourceTitle "CBM 169 Extra"]
[Source "ChessBase"]
[SourceDate "2015.12.18"]
[SourceVersion "1"]
[SourceVersionDate "2015.12.18"]
[SourceQuality "1"]

1. c4 Nf6 2. Nc3 e5 3. g3 Bb4 4. Bg2 0-0 5. e4 Bxc3 6. dxc3 d6 7. Ne2 Nc6 8. 0-0 a6 9. h3 b5 10. cxb5 axb5 11. Be3 Be6 12. b3 d5 13. Bc5 Re8 14. exd5 Bxd5 15. c4 bxc4 16. bxc4 Bxg2 17. Kxg2 Qc8 18. Nc3 e4 19. Qe2 Qf5 20. Be3 Ne5 21. Rfd1 Qf3+ 22. Qxf3 exf3+ 23. Kf1 Nxc4 24. Bg5 Ne4 25. Nxe4 Rxe4 26. Rd3 Ne5 27. Re3 Rxe3 28. Bxe3 Ra4 29. Rc1 Rxa2 30. Rxc7 Ra1+ 31. Rc1 Rxc1+ 32. Bxc1 Nd3 33. Be3 f5 34. h4 g6 35. Ba7 Kf7 36. Bb6 Ke6 37. Ba7 Kd5 38. Bb6 Kc4 39. Ba7 Kb3 40. Bb6 Kc2 41. Ba7 Kd1 42. Bb6 Nc1 43. Ba7 Nb3 44. Bb6 Nd2+ 45. Kg1 Ke2 46. Ba7 Ne4 47. Bb6 Nf6 48. Ba7 Nd5 49. Bb8 Kd3 50. Kh2 Ke4 51. Kh3 Ne3 52. Ba7 Ng4 53. Bb6 h5 0-1

[Event "Puhajarve rap op 16th"]
[Site "Puhajarve"]
[Date "2015.11.28"]
[Round "20"]
[White "Narva, Mai"]
[Black "Leito, Priit"]
[Result "1-0"]
[WhiteElo "2154"]
[BlackElo "2333"]
[PlyCount "91"]
[EventDate "2015.11.27"]
[EventType "tourn (rapid)"]
[EventRounds "33"]
[EventCountry "EST"]
[EventCategory "1"]
[SourceTitle "CBM 169 Extra"]
[Source "ChessBase"]
[SourceDate "2015.12.18"]
[SourceVersion "1"]
[SourceVersionDate "2015.12.18"]
[SourceQuality "1"]

1. e4 c5 2. Nf3 e6 3. c3 d5 4. e5 Nc6 5. d4 Nh6 6. a3 Nf5 7. b4 cxd4 8. cxd4 Be7 9. Be3 0-0 10. Bd3 f6 11. exf6 Bxf6 12. 0-0 Bd7 13. Nc3 Be8 14. h3 Rc8 15. Rc1 Bg6 16. Na4 b6 17. Ba6 Rc7 18. Bf4 Rff7 19. Bb5 Ncxd4 20. Bxc7 Rxc7 21. Nxd4 Nxd4 22. Rxc7 Qxc7 23. Bd3 Be8 24. Re1 Bd7 25. Bb1 e5 26. Ba2 Qd6 27. Nc3 Be6 28. Qa4 Nc6 29. Nxd5 Bxd5 30. Rd1 Nd4 31. Bxd5+ Kf8 32. Ba2 b5 33. Qxa7 Nf3+ 34. gxf3 Qxd1+ 35. Kg2 Ke8 36. Qb8+ Ke7 37. Qxb5 Qd2 38. Qc4 Kd6 39. b5 Qd4 40. Qc6+ Ke7 41. b6 Bh4 42. Qe6+ Kd8 43. Qg8+ Kd7 44. Qxg7+ Kc6 45. Qc7+ Kb5 46. Bc4+ 1-0

[Event "Puhajarve rap op 14th"]
[Site "Puhajarve"]
[Date "2013.11.30"]
[Round "27"]
[White "Leito, Priit"]
[Black "Georgiev, Kiril"]
[Result "0-1"]
[WhiteElo "2333"]
[BlackElo "2648"]
[PlyCount "209"]
[EventDate "2013.11.29"]
[EventType "tourn (rapid)"]
[EventRounds "35"]
[EventCountry "EST"]
[SourceTitle "CBM 157 Extra"]
[Source "ChessBase"]
[SourceDate "2013.12.19"]
[SourceVersion "1"]
[SourceVersionDate "2013.12.19"]
[SourceQuality "1"]

1. c4 e5 2. Nc3 Nf6 3. g3 c6 4. Nf3 e4 5. Nd4 d5 6. cxd5 Bc5 7. Nb3 Bb6 8. Bg2 cxd5 9. d3 e3 10. fxe3 0-0 11. d4 Re8 12. 0-0 Nc6 13. Rxf6 Qxf6 14. Nxd5 Qg6 15. Nxb6 axb6 16. e4 Rxe4 17. Bxe4 Qxe4 18. Qd3 Qxd3 19. exd3 Be6 20. Nd2 Nxd4 21. b3 Nxb3 22. Nxb3 Bxb3 23. Rb1 Bxa2 24. Rxb6 Bd5 25. Kf2 f6 26. Rd6 Bc6 27. Re6 Ra1 28. Re1 Kf7 29. Bf4 Ra3 30. Ke3 g5 31. Bc7 Kg6 32. Rb1 h5 33. Rb4 Ra2 34. h4 Rc2 35. Rd4 Kf5 36. Bd8 Rg2 37. Bc7 Kg6 38. Rb4 Rg1 39. Rd4 Rf1 40. Rb4 Rf5 41. Rd4 Kf7 42. Rb4 Ke6 43. Rd4 Rf3+ 44. Ke2 Rf5 45. Rd6+ Ke7 46. Rd4 Bd5 47. Bb6 Kd6 48. Rb4 Kc6 49. Bf2 b5 50. Rb1 Re5+ 51. Kd2 Bf3 52. Re1 Rf5 53. Bd4 Bd5 54. Re2 Rf3 55. Rf2 Rxg3 56. Rxf6+ Kd7 57. Rf5 Ke6 58. Re5+ Kd6 59. Rxg5 Rxg5 60. hxg5 h4 61. g6 h3 62. Bg1 Ke6 63. Kc3 Kf6 64. Kd4 Bc6 65. Kc5 Be8 66. Kd5 Kxg6 67. Ke4 b4 68. Kf3 b3 69. Bd4 Bd7 70. Kg3 Kf7 71. Bc3 Bf5 72. Bb2 Ke6 73. Bc3 Kd5 74. Kh2 Kc5 75. Kg3 Kb5 76. Kh2 Ka4 77. Bb2 Kb4 78. Kg3 Bd7 79. Kh2 Kc5 80. Bc3 Kd5 81. Kg3 Bg4 82. Bb2 Ke6 83. Bc3 Kf5 84. Bb2 Kg5 85. Bc3 Be6 86. Bb2 Bd7 87. Bc3 Kg6 88. Bb2 Kh5 89. Bc3 Kg5 90. Bb2 Kg6 91. Bc3 Be6 92. Bb2 Kf7 93. Bc3 Ke7 94. Bb2 Kd6 95. Bc3 Kd5 96. Bb2 Kc5 97. Bc3 Kb5 98. Kh2 Ka4 99. Bb2 Kb4 100. Kg3 Bd7 101. Bc3+ Kb5 102. Bb2 Kb4 103. Kh2 Bf5 104. Kg3 Be6 105. Kh2 0-1

[Event "Puhajarve rap op 13th"]
[Site "Puhajarve"]
[Date "2012.11.25"]
[Round "28"]
[White "Smith, Axel"]
[Black "Leito, Priit"]
[Result "1-0"]
[WhiteElo "2484"]
[BlackElo "2333"]
[PlyCount "45"]
[EventDate "2012.11.23"]
[EventType "tourn (rapid)"]
[EventRounds "31"]
[EventCountry "EST"]
[SourceTitle "CBM 151 Extra"]
[Source "ChessBase"]
[SourceDate "2012.12.18"]
[SourceVersion "1"]
[SourceVersionDate "2012.12.18"]
[SourceQuality "1"]

1. g3 c5 2. Bg2 Nc6 3. c4 g6 4. Nf3 Bg7 5. Nc3 e5 6. d3 Nge7 7. Nd2 0-0 8. Nf1 a6 9. Ne3 Rb8 10. a4 d6 11. 0-0 Nb4 12. Ned5 Nbxd5 13. Nxd5 Nxd5 14. Bxd5 Qe7 15. a5 Be6 16. Bg2 Rfd8 17. Be3 Rbc8 18. Qb3 Qd7 19. Qxb7 Rc7 20. Qb6 Ra7 21. Ra3 Rc8 22. Rb3 Bf6 23. Bb7 1-0

[Event "Puhajarve rap op 13th"]
[Site "Puhajarve"]
[Date "2012.11.24"]
[Round "20"]
[White "Kulaots, Kaido"]
[Black "Leito, Priit"]
[Result "1/2-1/2"]
[WhiteElo "2579"]
[BlackElo "2333"]
[PlyCount "103"]
[EventDate "2012.11.23"]
[EventType "tourn (rapid)"]
[EventRounds "31"]
[EventCountry "EST"]
[SourceTitle "CBM 151 Extra"]
[Source "ChessBase"]
[SourceDate "2012.12.18"]
[SourceVersion "1"]
[SourceVersionDate "2012.12.18"]
[SourceQuality "1"]

1. e4 c5 2. Nf3 e6 3. d4 cxd4 4. Nxd4 Nc6 5. Nb5 d6 6. Bf4 e5 7. Be3 a6 8. N5c3 Nf6 9. Bg5 Be7 10. Nd2 0-0 11. Bxf6 Bxf6 12. Nc4 Be7 13. Nd5 Be6 14. Ncb6 Rb8 15. c3 Re8 16. Be2 Bf8 17. 0-0 g6 18. Qd3 f5 19. Rad1 f4 20. Kh1 Qg5 21. Nc7 Re7 22. Nxe6 Rxe6 23. Qh3 Ree8 24. Bc4+ Kh8 25. Nd5 Qd8 26. b4 Bg7 27. Bb3 Ne7 28. Rd3 Nxd5 29. Bxd5 Re7 30. Qg4 Rc7 31. a4 Qe7 32. h3 Rbc8 33. Qf3 Rf8 34. Rfd1 Rd8 35. a5 h5 36. R1d2 Rdc8 37. Bb3 Rd8 38. Qd1 Bf8 39. c4 d5 40. Rxd5 Rxd5 41. Rxd5 Qxb4 42. Rxe5 Kg7 43. Rd5 Bc5 44. Qa1+ Kh7 45. Rd8 Rg7 46. e5 Qxb3 47. e6 Qxc4 48. Qe1 f3 49. gxf3 Qf4 50. Qe4 Qxe4 51. fxe4 Re7 52. Rd7 1/2-1/2